| 000 | 01548nam a2200325Ia 4500 | ||
|---|---|---|---|
| 001 | ebr10267539 | ||
| 003 | CaPaEBR | ||
| 006 | m u | ||
| 007 | cr cn||||||||| | ||
| 008 | 081118s2008 enka sb 001 0 eng d | ||
| 010 | _z 2008300215 | ||
| 020 | _z9781845116248 | ||
| 020 | _z1845116240 | ||
| 040 |
_aCaPaEBR _cCaPaEBR |
||
| 035 | _a(OCoLC)312662227 | ||
| 050 | 1 | 4 |
_aHX250.S3 _bR34 2008eb |
| 100 | 1 | _aRafeek, Neil C. | |
| 245 | 1 | 0 |
_aCommunist women in Scotland _h[electronic resource] : _bRed Clydeside from the Russian Revolution to the end of the Soviet Union / _cNeil C. Rafeek. |
| 260 |
_aLondon ; _aNew York : _bTauris Academic Studies ; _aNew York : _bDistributed in the U.S.A. by Palgrave Macmillan, _c2008. |
||
| 300 |
_ax, 294 p. : _bill. |
||
| 504 | _aIncludes bibliographical references (p. [276]-284) and index. | ||
| 533 |
_aElectronic reproduction. _bPalo Alto, Calif. : _cebrary, _d2009. _nAvailable via World Wide Web. _nAccess may be limited to ebrary affiliated libraries. |
||
| 650 | 0 |
_aWomen in the labor movement _zScotland _zGlasgow _xHistory _y20th century. |
|
| 650 | 0 |
_aWomen and socialism _zScotland _zGlasgow _xHistory _y20th century. |
|
| 650 | 0 |
_aWomen and communism _zScotland _zGlasgow _xHistory _y20th century. |
|
| 650 | 0 |
_aWorking class _zScotland _zGlasgow _xPolitical activity _xHistory _y20th century. |
|
| 655 | 7 |
_aElectronic books. _2local |
|
| 710 | 2 | _aebrary, Inc. | |
| 856 | 4 | 0 |
_uhttp://site.ebrary.com/lib/rucke/Doc?id=10267539 _zAn electronic book accessible through the World Wide Web; click to view |
| 999 |
_c24352 _d24352 |
||